| 000 | 00702nam a22002417a 4500 | ||
|---|---|---|---|
| 008 | 131105b xxu||||| |||| 00| 0 eng d | ||
| 020 | _a81-220-0629-9 | ||
| 024 | _cAvailable | ||
| 037 | _cAvailable | ||
| 040 |
_aMBSTU LIBRARY _dMBSTU LIBRARY |
||
| 082 |
_222 _a364.106 NAC |
||
| 100 | _aNain, P.M. | ||
| 245 | _aCombaing organised crime. | ||
| 260 |
_aNew Delhi _bKonark Publishers Private Ltd. _c2002 |
||
| 300 |
_a23 cm. _b467 page _f1 _g23 cm. |
||
| 600 | _2Criminology. | ||
| 650 | _2Criminology. | ||
| 700 | _aNain, P.M. | ||
| 270 |
_aNew Delhi _bNew Delhi _dIndia |
||
| 365 |
_b660.00 _d660.00 |
||
| 942 |
_2ddc _cBK |
||
| 999 |
_c786 _d786 |
||